Il dritto romano delle obbligazioni e specialmente intorno alla teorica dei contratti innominati e del jus poenitendi / (Record no. 54892)

MARC details
000 -LEADER
campo de control de longitud fija 00729nam a22001935i 4500
001 - NÚMERO DE CONTROL
campo de control 54892
003 - IDENTIFICADOR DE NÚMERO DE CONTROL
campo de control ES-MaACL
005 - FECHA Y HORA DE LA ÚLTIMA TRANSACCIÓN
campo de control 20230906163037.0
007 - CAMPO FIJO DE DESCRIPCIÓN FÍSICA--INFORMACIÓN GENERAL
campo de control de longitud fija t|
008 - DATOS DE LONGITUD FIJA--INFORMACIÓN GENERAL
campo de control de longitud fija 960729s1858 it ||||1| ita d
040 ## - FUENTE DE CATALOGACIÓN
Centro catalogador/agencia de origen CAM
Lengua de catalogación spa
Centro/agencia transcriptor CAM
100 1# - ENTRADA PRINCIPAL--NOMBRE DE PERSONA
Nombre de persona Gans, Eduardo.
9 (RLIN) 53877
245 13 - MENCIÓN DEL TÍTULO
Título Il dritto romano delle obbligazioni e specialmente intorno alla teorica dei contratti innominati e del jus poenitendi /
Mención de responsabilidad, etc. del dottor Eduardo Gans; traduzione dal tedesco, preceduta da un discorso sulle opere del Ganso per Eduardo Salvatti.
250 ## - MENCION DE EDICION
Mención de edición 2.ed. riveduta.
260 ## - PUBLICACIÓN, DISTRIBUCIÓN, ETC.
Lugar de publicación, distribución, etc. Napoli :
Nombre del editor, distribuidor, etc. 166 Libreria strada Toledo,
Fecha de publicación, distribución, etc. 1858.
300 ## - DESCRIPCIÓN FÍSICA
Extensión LXIV, 246 p. ;
Dimensiones 21 cm.
700 1# - ENTRADA AGREGADA--NOMBRE PERSONAL
Nombre de persona Salvetti, Eduardo.
9 (RLIN) 102132
852 ## - LOCALIZACIÓN
Ubicación ES-MaACL
Número de control de estantería F-14483
Holdings
Estatus retirado Estado de pérdida Estado de daño No para préstamo Colección Biblioteca de origen Biblioteca actual Ubicación en estantería Fecha de adquisición Fuente de adquisición Total de préstamos Signatura topográfica completa Código de barras Visto por última vez Precio de reemplazo Tipo de ítem Koha
        Libros del s. XIX Biblioteca del Ateneo de Madrid Biblioteca del Ateneo de Madrid Sala Pecera Planta 2 17/01/2008     F-14483 1057682 23/02/2023 23/02/2023 Libro impreso antiguo